Various Abbreviations: A to Z #1 - Statistics

General Stats
  • This quiz has been taken 41 times
    18 since last reset
  • The average score is 26 of 84
Answer Stats
Category
Abbreviation Answer % Correct
literature abbr. Abbreviation
82%
transportation VW Volkswagen
82%
academic degree Ph.D. Doctor
73%
medicine HRT Hormone
64%
politics NSDAP National
64%
medicine HRT Replacement
64%
medicine HRT Therapy
64%
politics NSDAP partei
55%
phrase RSVP Répondez
55%
politics NSDAP sozialistische
55%
transportation TGV Train
55%
politics NSDAP Arbeiter
45%
international organisation BRICS China
45%
politics NSDAP Deutsche
45%
literature e.g. exempli
45%
international organisation BRICS India
45%
law SCOTUS Of
45%
phrase RSVP Plaît
45%
international organisation BRICS Russia
45%
phrase RSVP S'il
45%
law SCOTUS States
45%
law SCOTUS The
45%
law SCOTUS United
45%
phrase RSVP Vous
45%
Big Tech FAANG Apple
36%
international organisation BRICS Brazil
36%
law DMCA Copyright
36%
law SCOTUS Court
36%
law GDPR Data
36%
law DMCA Digital
36%
Big Tech FAANG Facebook
36%
law GDPR General
36%
Big Tech FAANG Google
36%
literature e.g. gratia
36%
technology MIDI Interface
36%
technology MIDI Musical
36%
law GDPR Protection
36%
law GDPR Regulation
36%
international organisation BRICS South Africa
36%
law SCOTUS Supreme
36%
Big Tech FAANG Amazon
27%
technology MIDI Instrument
27%
web ICANN Internet
27%
web URL Locator
27%
Big Tech FAANG Netflix
27%
intergovernmental CERN Nucléaire
27%
physics WIMP Particle
27%
intergovernmental CERN Recherche
27%
web URL Resource
27%
web URL Uniform
27%
law DMCA Act
18%
order of chivalry OBE British
18%
technology MIDI Digital
18%
astrophysics LEO Earth
18%
order of chivalry OBE Empire
18%
transportation TGV Grande
18%
physics WIMP Interacting
18%
astronomy JWST James
18%
country-code XK Kosovo
18%
astrophysics LEO Low
18%
physics WIMP Massive
18%
law DMCA Millennium
18%
web ICANN Names
18%
astrophysics LEO Orbit
18%
astronomy JWST Space
18%
astronomy JWST Telescope
18%
transportation TGV Vitesse
18%
physics WIMP Weakly
18%
astronomy JWST Webb
18%
postal code ZIP Code Zone
18%
web ICANN Corporation
9%
term Yuppie Young
9%
intergovernmental CERN Européen
9%
postal code ZIP Code Improvement
9%
derived unit kat Katal
9%
web ICANN Numbers
9%
order of chivalry OBE Officer
9%
intergovernmental CERN Organisation
9%
academic degree Ph.D. Philosophiae
9%
postal code ZIP Code Plan
9%
term Yuppie professional
9%
SI prefix q quecto
9%
term Yuppie urban
9%
web ICANN Assigned
0%
No matching quizzes found
Score Distribution
Percent of People with Each Score
Percentile by Number Answered
Your Score History
You have not taken this quiz since the last reset